Chemistry, the molecular science / (Record no. 11942)

000 -LEADER
fixed length control field 00488pam a2200181 a 4500
020 ## - INTERNATIONAL STANDARD BOOK NUMBER
ISBN 0801674859
040 ## - CATALOGING SOURCE
Transcribing agency DLC
082 00 - DEWEY DECIMAL CLASSIFICATION NUMBER
Classification number 540 MOS 1994 A031 Or.
100 1# - MAIN ENTRY--AUTHOR NAME
Personal name Olmsted, John.
245 10 - TITLE STATEMENT
Title Chemistry, the molecular science /
260 ## - PUBLICATION, DISTRIBUTION, ETC. (IMPRINT)
Place of publication St. Louis :
Name of publisher Mosby,
Year of publication c1994.
300 ## - PHYSICAL DESCRIPTION
Number of Pages 1 v. (various pagings) :
Other physical details ill. (some col.) ;
Dimensions 27 cm.
500 ## - GENERAL NOTE
General note "2100 series"--Cover.
500 ## - GENERAL NOTE
General note Includes index.
650 #0 - SUBJECT ADDED ENTRY--TOPICAL TERM
Topical Term Chemistry.
700 1# - ADDED ENTRY--PERSONAL NAME
Personal name Williams, Gregory M.
942 ## - ADDED ENTRY ELEMENTS (KOHA)
Koha item type សៀវភៅភាសាអង់គ្លេស
952 ## - LOCATION AND ITEM INFORMATION (KOHA)
Withdrawn status [LOCAL, KOHA] 0
Holdings
Permanent Location Date acquired Koha item type Lost status Shelving location Barcode Current Location Full call number
Library Block A2017-08-08សៀវភៅភាសាអង់គ្លេស A026A19761Library Block A540 MOS 1994 A026 Or.
មជ្ឈមណ្ឌលឯការនៃសាកលវិទ្យាល័យភូមិន្ទកសិកម្មចំការដូង

Powered by Koha